The royal marriage. King Lemuel's lesson : of 1. Chastity, ... 9. Marriage, &c. practically paraphras'd; with remarks, moral and religious, upon the virtues and vices of wedlock. By Mr. Dyke's: ...

Bibliographic Details
Uniform Title:Bible.
Other Authors: Dykes, Oswald, 1670?-1728
Format: eBook
Language:English
Series:Eighteenth century collections online.
Online Access:Full text online

MARC

Tag First Indicator Second Indicator Subfields
LEADER 00000cam a2200000 4500
001 in00001968898
006 m | d |
007 cr |n||||||||n
008 810629s1722 enk|||| s 00||||eng d
005 20260407192408.1
035 |a (CStRLIN)ESTCT124597 
040 |a Uk-ES  |c Uk-ES  |d CStRLIN  |d Thomson Gale  |d UtOrBLW 
130 0 |a Bible.  |p Proverbs.  |k Selections.  |l English. 
245 1 4 |a The royal marriage. King Lemuel's lesson :  |b of 1. Chastity, ... 9. Marriage, &c. practically paraphras'd; with remarks, moral and religious, upon the virtues and vices of wedlock. By Mr. Dyke's: ... 
264 3 |a London :  |b printed for the author; and sold by P. Meighan; G. Strahan; T Meighan; J. Bonwick; and C. King,  |c 1722. 
300 |a xxiii, 1 unnumbered page, 368p :  |b plate ;  |c 8⁰. 
336 |a text  |b txt  |2 rdacontent 
337 |a computer  |b c  |2 rdamedia 
338 |a online resource  |b cr  |2 rdacarrier 
500 |a Reproduction of original from the British Library. 
510 4 |a English Short Title Catalog,  |c ESTCT124597. 
533 |a Electronic reproduction.  |b Farmington Hills, Mich. :  |c Thomson Gale,  |d 2003.  |n Available via the World Wide Web.  |n Access limited by licensing agreements  |7 s2003 miunns 
500 |a Electronic resource. 
700 1 |a Dykes, Oswald,  |d 1670?-1728. 
730 0 |a Royal marriage. King Lemuel's lesson. 
830 0 |a Eighteenth century collections online. 
856 4 0 |u http://proxy.library.tamu.edu/login?url=https://galenet.galegroup.com/servlet/ECCO?c=1&stp=Author&ste=11&af=BN&ae=T124597&tiPG=1&dd=0&dc=flc&docNum=CW117658985&vrsn=1.0&srchtp=a&d4=0.33&n=10&SU=0LRF&locID=txshracd2898  |z Full text online  |t 0 
999 |a MARS 
999 f f |s 0038bd0e-49ad-3ac6-ba7c-83963ad994d9  |i 42187bad-a307-35bb-915c-452d20061a31  |t 0 
952 f f |a Texas A&M University  |b College Station  |c Electronic Resources  |s www_evans  |d Available Online  |t 0  |h No information provided 
998 f f |t 0  |l Available Online